[Event "5th EKA IIFL Investment 2019"]
[Site "Mumbai"]
[Date "2020.01.03"]
[Round "5.11"]
[White "Neverov, Valeriy"]
[Black "Srijit, Paul"]
[Result "1/2-1/2"]
[WhiteElo "2460"]
[BlackElo "2318"]
[Annotator "ChessBase"]
[PlyCount "153"]
[EventDate "2019.12.30"]
[EventType "swiss"]
[EventCountry "IND"]
[SourceTitle "playchess.com"]
[Source "ChessBase"]
[SourceQuality "1"]
[TimeControl "40/5400+30:1800+30"]

1. d4 {[%emt 0:00:00]} f5 {[%emt 0:00:00]} 2. Nc3 {[%emt 0:00:36]} Nf6 {[%emt 0:00:00]} 3. Bg5 {[%emt 0:00:05]} d5 {[%emt 0:00:02]} 4. e3 {[%emt 0:00:04]} e6 {[%emt 0:00:04]} 5. Nf3 {[%emt 0:00:12]} a6 {[%emt 0:00:29]} 6. Ne5 {[%emt 0:08:00]} Be7 {[%emt 0:00:28]} 7. Bd3 {[%emt 0:10:43]} Nbd7 {[%emt 0:01:53]} 8. Nxd7 {[%emt 0:01:31]} Bxd7 {[%emt 0:00:13]} 9. Ne2 {[%emt 0:00:05]} Bb5 {[%emt 0:02:15]} 10. O-O {[%emt 0:02:33]} Ne4 {[%emt 0:02:07]} 11. Bf4 {[%emt 0:04:22]} O-O {[%emt 0:00:20]} 12. b3 {[%emt 0:06:42]} Bxd3 {[%emt 0:01:03]} 13. Qxd3 {[%emt 0:00:02]} Bf6 {[%emt 0:02:54]} 14. f3 {[%emt 0:01:56]} Nd6 {[%emt 0:00:23]} 15. c4 {[%emt 0:00:14]} Qe7 {[%emt 0:00:18]} 16. Rac1 {[%emt 0:07:30]} Rad8 {[%emt 0:15:23]} 17. Bg3 {[%emt 0:06:35]} dxc4 {[%emt 0:10:40]} 18. bxc4 {[%emt 0:00:06]} c5 {[%emt 0:00:03]} 19. a4 {[%emt 0:07:05]} e5 {[%emt 0:07:22]} 20. d5 {[%emt 0:05:24]} Bh4 {[%emt 0:02:45]} 21. Rb1 {[%emt 0:07:03]} Bxg3 {[%emt 0:07:19]} 22. Nxg3 {[%emt 0:00:24]} e4 {[%emt 0:00:05]} 23. fxe4 {[%emt 0:01:52]} fxe4 {[%emt 0:00:07]} 24. Qc3 {[%emt 0:00:48]} Rxf1+ {[%emt 0:11:48]} 25. Rxf1 {[%emt 0:00:11]} Rf8 {[%emt 0:00:03]} 26. Rxf8+ {[%emt 0:01:07]} Qxf8 {[%emt 0:00:14]} 27. Nh5 {[%emt 0:06:33]} Qf7 {[%emt 0:02:56]} 28. g4 {[%emt 0:10:59]} Qe7 {[%emt 0:01:26]} 29. h3 {[%emt 0:07:41]} Qg5 {[%emt 0:03:57]} 30. Kf2 {[%emt 0:02:04]} b6 {[%emt 0:00:50]} 31. Ke2 {[%emt 0:01:19]} Kf7 {[%emt 0:00:24]} 32. Kd1 {[%emt 0:01:39]} Ne8 {[%emt 0:03:07]} 33. Kd2 {[%emt 0:00:32]} Qh4 {[%emt 0:00:43]} 34. Nf4 {[%emt 0:00:26]} Qf2+ {[%emt 0:00:55]} 35. Kc1 {[%emt 0:00:34]} Nd6 {[%emt 0:00:04]} 36. Qe5 {[%emt 0:00:32]} Qxe3+ {[%emt 0:00:22]} 37. Kc2 {[%emt 0:00:29]} Qf2+ {[%emt 0:00:25]} 38. Kb3 Qe3+ {[%emt 0:04:08]} 39. Kc2 {[%emt 0:00:50]} Qd2+ {[%emt 0:00:23]} 40. Kxd2 {[%emt 0:00:00]} Nxc4+ {[%emt 0:00:00]} 41. Ke2 {[%emt 0:01:43]} Nxe5 {[%emt 0:00:08]} 42. Ke3 Nd3 {[%emt 0:02:09]} 43. Ne6 {[%emt 0:02:49]} Nb2 {[%emt 0:00:42]} 44. Kxe4 {[%emt 0:08:59]} Nxa4 {[%emt 0:00:06]} 45. Ke5 c4 {[%emt 0:00:12]} 46. d6 {[%emt 0:02:53]} Nc5 47. Nd4 {[%emt 0:01:14]} c3 {[%emt 0:00:47]} 48. Kd5 {[%emt 0:00:34]} Kf6 {[%emt 0:02:57]} 49. h4 {[%emt 0:09:51]} h6 {[%emt 0:00:52]} 50. g5+ {[%emt 0:01:22]} hxg5 {[%emt 0:00:32]} 51. hxg5+ {[%emt 0:00:05]} Kg6 {[%emt 0:09:55]} 52. Kc6 {[%emt 0:01:27]} Kxg5 {[%emt 0:00:04]} 53. Kxb6 {[%emt 0:01:18]} Nd7+ {[%emt 0:00:03]} 54. Kxa6 {[%emt 0:02:58]} Kf4 {[%emt 0:00:04]} 55. Kb5 {[%emt 0:00:12]} Ke5 {[%emt 0:01:29]} 56. Kc4 {[%emt 0:00:24]} Kxd6 {[%emt 0:00:04]} 57. Kxc3 {[%emt 0:00:50]} Ke5 {[%emt 0:00:03]} 58. Kd3 {[%emt 0:00:50]} Nf6 {[%emt 0:00:14]} 59. Nc6+ {[%emt 0:01:24]} Kf4 {[%emt 0:00:06]} 60. Ke2 {[%emt 0:00:17]} g5 {[%emt 0:00:06]} 61. Kf2 {[%emt 0:00:22]} Ng4+ {[%emt 0:00:09]} 62. Kg1 {[%emt 0:01:19]} Ne5 {[%emt 0:00:04]} 63. Nb4 {[%emt 0:01:09]} Kf3 {[%emt 0:00:55]} 64. Nd5 {[%emt 0:00:21]} Nd7 {[%emt 0:00:29]} 65. Ne7 {[%emt 0:00:29]} Nf6 {[%emt 0:00:08]} 66. Nf5 {[%emt 0:00:37]} Kf4 {[%emt 0:00:06]} 67. Nh6 {[%emt 0:00:20]} Ne4 {[%emt 0:00:59]} 68. Kg2 {[%emt 0:00:32]} Nd6 {[%emt 0:00:04]} 69. Kf2 {[%emt 0:00:41]} Nc4 {[%emt 0:00:07]} 70. Kg2 {[%emt 0:00:26]} Ne3+ {[%emt 0:00:04]} 71. Kf2 {[%emt 0:00:08]} Nc4 {[%emt 0:00:36]} 72. Kg2 {[%emt 0:00:16]} Nd6 {[%emt 0:00:04]} 73. Kf2 {[%emt 0:00:15]} Ke5 {[%emt 0:00:04]} 74. Kf3 {[%emt 0:00:46]} Kf6 {[%emt 0:00:03]} 75. Ng4+ {[%emt 0:00:30]} Kg6 {[%emt 0:00:06]} 76. Ne3 {[%emt 0:00:36]} Nf5 {[%emt 0:00:06]} 77. Nxf5 {[%emt 0:00:58]} 1/2-1/2

[Event "5th EKA IIFL Investment 2019"]
[Site "Mumbai"]
[Date "2020.01.03"]
[Round "5.12"]
[White "Nguyen, Van Huy"]
[Black "Srihari, L R"]
[Result "1/2-1/2"]
[WhiteElo "2457"]
[BlackElo "2271"]
[Annotator "TA"]
[PlyCount "34"]
[EventDate "2019.12.30"]
[EventType "swiss"]
[EventCountry "IND"]
[SourceTitle "playchess.com"]
[Source "ChessBase"]
[SourceQuality "1"]

{[%evp 14,34,4,18,24,20,21,15,36,0,0,-63,-63,-63,-63,-66,-70,-72,0,0,0,-78,0]} 1. d4 Nf6 2. Nf3 e6 3. c4 c5 4. g3 cxd4 5. Nxd4 Bb4+ 6. Bd2 Qb6 7. Bxb4 Qxb4+ 8. Nc3 a6 {A32: Symmetrical English: 2 Nf3 Nf6 3 d4 cxd4 4 Nxd4 e6} (8... Nc6 9. e3 O-O 10. a3 Qc5 11. b4 Qe7 12. Bg2 a5 13. bxa5 Qc5 14. O-O Qxc4 15. Rc1 Qa6 16. Ndb5 Qxa5 {½-½ (40) Papaioannou,I (2639)-Zhigalko,A (2619) Warsaw 2013}) 9. a3 Qxc4 $146 ({Predecessor:} 9... Qb6 10. b4 d6 11. Bg2 O-O 12. O-O Rd8 13. Qd2 Bd7 14. Rfd1 Nc6 15. Nb3 Be8 16. Qf4 {1-0 (82) Bugajski,R (2295)-Marcinkowski,K (2250) Warsaw 1981}) 10. Rc1 O-O $1 {The position is equal.} 11. Bg2 {[#] Threatens to win with Na4.} Nc6 12. Ncb5 ({Better is} 12. Nxc6 $11 bxc6 13. Ne4) 12... Qa2 $15 13. Ra1 $1 {[%cal Ra1a2]} Qxb2 14. Rb1 Qa2 15. Ra1 $1 {[%cal Ra1a2]} Qb2 (15... Qc4 $5 {[%cal Ra6b5]} 16. Rc1 axb5 {[%mdl 64] Discovered Attack} 17. Rxc4 bxc4 $15) 16. Rb1 Qa2 17. Ra1 $1 {[%cal Ra1a2] [#]} Qb2 (17... Qc4 $1 $17 18. Rc1 axb5 {[%mdl 64] Discovered Attack} 19. Rxc4 bxc4) 1/2-1/2

[Event "5th EKA IIFL Investment 2019"]
[Site "Mumbai"]
[Date "2020.01.03"]
[Round "5.13"]
[White "Harshavardhan G B"]
[Black "Abdisalimov, Abdimalik"]
[Result "1-0"]
[WhiteElo "2344"]
[BlackElo "2394"]
[Annotator "ChessBase"]
[PlyCount "113"]
[EventDate "2019.12.30"]
[EventType "swiss"]
[EventCountry "IND"]
[SourceTitle "playchess.com"]
[Source "ChessBase"]
[SourceQuality "1"]
[TimeControl "40/5400+30:1800+30"]

1. d4 {[%emt 0:00:00]} b6 {[%emt 0:00:00]} 2. c4 {[%emt 0:00:34]} Bb7 {[%emt 0:00:00]} 3. Nc3 {[%emt 0:00:07]} e6 {[%emt 0:00:00]} 4. a3 {[%emt 0:00:14]} Nf6 {[%emt 0:00:21]} 5. d5 {[%emt 0:00:37]} Bd6 {[%emt 0:00:37]} 6. Nf3 {[%emt 0:00:55]} O-O {[%emt 0:00:11]} 7. g3 {[%emt 0:01:43]} exd5 {[%emt 0:07:00]} 8. cxd5 {[%emt 0:00:22]} Re8 {[%emt 0:00:04]} 9. Bg2 {[%emt 0:00:35]} a5 {[%emt 0:00:14]} 10. O-O {[%emt 0:00:28]} Na6 {[%emt 0:00:05]} 11. b3 {[%emt 0:15:50]} c6 {[%emt 0:08:01]} 12. dxc6 {[%emt 0:01:43]} dxc6 {[%emt 0:00:34]} 13. Bb2 {[%emt 0:00:36]} Nc5 {[%emt 0:14:58]} 14. Qc2 {[%emt 0:07:33]} Bf8 {[%emt 0:04:08]} 15. Rad1 {[%emt 0:01:19]} Qc7 {[%emt 0:00:14]} 16. Nd4 {[%emt 0:00:31]} Rad8 {[%emt 0:00:35]} 17. e4 {[%emt 0:17:19]} Ba6 {[%emt 0:04:45]} 18. Rfe1 {[%emt 0:01:56]} Ng4 {[%emt 0:03:13]} 19. Bf1 {[%emt 0:13:43]} Bxf1 {[%emt 0:00:45]} 20. Rxf1 {[%emt 0:00:10]} Ne5 {[%emt 0:01:23]} 21. Nce2 {[%emt 0:01:08]} Ned3 {[%emt 0:03:06]} 22. Rxd3 {[%emt 0:01:28]} Nxd3 {[%emt 0:00:05]} 23. Qxd3 {[%emt 0:00:06]} Qe5 {[%emt 0:02:28]} 24. Qc3 {[%emt 0:07:39]} Qxe4 {[%emt 0:01:17]} 25. f3 {[%emt 0:02:23]} Qe3+ {[%emt 0:03:57]} 26. Qxe3 {[%emt 0:01:14]} Rxe3 {[%emt 0:00:21]} 27. Kf2 {[%emt 0:03:31]} Ree8 {[%emt 0:00:27]} 28. Re1 {[%emt 0:06:22]} Bc5 {[%emt 0:03:29]} 29. Rd1 {[%emt 0:02:03]} Bf8 {[%emt 0:07:44]} 30. Re1 {[%emt 0:00:13]} Bc5 {[%emt 0:01:11]} 31. Rd1 {[%emt 0:00:18]} Bf8 {[%emt 0:00:04]} 32. Ke1 {[%emt 0:03:43]} c5 {[%emt 0:00:22]} 33. Nc2 {[%emt 0:00:24]} Rxd1+ {[%emt 0:00:01]} 34. Kxd1 {[%emt 0:00:08]} Rd8+ {[%emt 0:00:02]} 35. Ke1 {[%emt 0:01:03]} b5 {[%emt 0:07:14]} 36. a4 {[%emt 0:01:46]} c4 {[%emt 0:01:22]} 37. bxc4 {[%emt 0:00:28]} bxa4 {[%emt 0:00:01]} 38. Ba3 {[%emt 0:04:53]} Rd3 {[%emt 0:03:03]} 39. c5 {[%emt 0:01:01]} Rd5 {[%emt 0:06:31]} 40. c6 {[%emt 0:00:00]} Bxa3 {[%emt 0:00:00]} 41. Nxa3 {[%emt 0:00:59]} Kf8 {[%emt 0:01:20]} 42. Nd4 {[%emt 0:00:55]} Rc5 {[%emt 0:01:43]} 43. Kd2 {[%emt 0:01:34]} Ke7 {[%emt 0:00:07]} 44. Kd3 {[%emt 0:00:41]} Kd6 {[%emt 0:00:34]} 45. Nab5+ {[%emt 0:00:43]} Ke7 {[%emt 0:01:57]} 46. g4 {[%emt 0:00:51]} g6 {[%emt 0:03:18]} 47. h4 {[%emt 0:00:45]} h6 {[%emt 0:01:21]} 48. f4 {[%emt 0:00:27]} f5 {[%emt 0:02:41]} 49. h5 {[%emt 0:01:56]} gxh5 {[%emt 0:03:31]} 50. gxh5 {[%emt 0:02:54]} Kf6 {[%emt 0:03:03]} 51. Nd6 {[%emt 0:00:24]} Ke7 {[%emt 0:03:05]} 52. N6xf5+ {[%emt 0:00:29]} Ke8 {[%emt 0:01:06]} 53. Nd6+ {[%emt 0:01:08]} Ke7 {[%emt 0:00:06]} 54. Nc4 {[%emt 0:02:01]} Rxh5 {[%emt 0:01:19]} 55. f5 {[%emt 0:01:34]} a3 {[%emt 0:00:11]} 56. c7 {[%emt 0:00:34]} Kd7 {[%emt 0:00:04]} 57. Nb5 {[%emt 0:00:10]} 1-0

[Event "5th EKA IIFL Investment 2019"]
[Site "Mumbai"]
[Date "2020.01.03"]
[Round "5.14"]
[White "Mohammad Fahad, Rahman"]
[Black "Sammed Jaykumar, Shete"]
[Result "1-0"]
[WhiteElo "2294"]
[BlackElo "2381"]
[Annotator "TA"]
[PlyCount "75"]
[EventDate "2019.12.30"]
[EventType "swiss"]
[EventCountry "IND"]
[SourceTitle "playchess.com"]
[Source "ChessBase"]
[SourceQuality "1"]

{[%evp 20,75,25,38,48,52,84,85,78,0,70,-41,-47,-51,-48,-50,-47,-39,-57,-54,-53,-50,-55,-50,-52,-50,-39,-44,-51,-47,-47,-48,-36,-60,-26,-47,-30,-32,88,85,69,81,68,67,82,71,98,75,345,320,470,522,625,629,29988,29989,29988,29989]} 1. e4 c5 2. Nf3 Nc6 3. Nc3 d6 4. d4 cxd4 5. Nxd4 Nf6 6. f3 e5 7. Nb3 Be7 8. Be3 O-O 9. Qd2 a5 10. Bb5 Be6 11. O-O-O Nb4 {B56: Classical Sicilian: Unusual Lines} (11... Na7 12. Bxa7 Rxa7 13. a4 Ra8 14. Kb1 Ne8 15. Nd5 Bg5 16. Qd3 Nc7 17. Nxc7 Qxc7 18. Qxd6 Qxd6 19. Rxd6 {1-0 (64) Vachier Lagrave,M (2780)-Alekseenko,K (2637) chess.com INT 2019}) 12. a3 d5 13. axb4 d4 {[#]White is better.} 14. Nxd4 (14. Bxd4 $1 $16 exd4 15. Qxd4 (15. Nxd4 axb4 16. Na4 Bd7 $11)) 14... axb4 (14... exd4 $11 15. Qxd4 (15. Bxd4 axb4 16. Nb1 Qa5 $17) 15... Qxd4 16. Bxd4 axb4 17. Bxf6 bxc3 18. Bxc3 Bg5+ 19. Kb1 (19. f4 $2 Bxf4+ 20. Kb1 Ba2+ 21. Ka1 Bc4+ 22. Kb1 Bxb5 $19) 19... Ba2+ 20. Ka1 Bc4+ 21. Kb1 Ba2+ 22. Ka1 Bc4+ 23. Kb1 Ba2+) 15. Na4 $146 ({But not} 15. Nxe6 $2 bxc3 16. bxc3 (16. Qxd8 $2 {gets mated.} Ra1#) 16... Ba3+ 17. Kb1 Qa5 $19) ({White must play} 15. Nb3 $1 $14 bxc3 16. Qxd8 (16. Qxc3 Qb8 $15) (16. bxc3 Qc8 $17) 16... cxb2+ 17. Kxb2 Rfxd8 18. Rxd8+ Bxd8 19. Rd1) ({Predecessor:} 15. Nb3 bxc3 16. Qxc3 Qb8 17. Kb1 b6 18. Qd3 Rd8 19. Qe2 {0-1 (31) Galperin,P (2439)-Golubev,M (2479) Lvov 2019}) 15... exd4 $15 16. Qxd4 ({Not} 16. Bxd4 $2 Qa5 $19) 16... Qxd4 17. Bxd4 Ra5 $1 {[%cal Ra5b5]} 18. c4 bxc3 $1 19. Nxc3 Bb3 20. Kd2 Bb4 21. Bd3 Bxd1 22. Rxd1 Bc5 23. Bxc5 Rxc5 24. Ra1 h5 25. Ke3 Rc6 26. e5 Re6 27. Kf4 Nh7 28. Bc4 g5+ {[#]} (28... Re7 $15) 29. Kf5 $1 $16 {[%mdl 1024] White has strong compensation.} Rc6 30. b3 $1 Rd8 31. Ra7 Rc7 32. Nb5 Re7 33. Nd6 Rdd7 $2 {[%mdl 8192]} (33... Kg7 $16) 34. Ra8+ $18 Nf8 (34... Kg7 {was necessary.} 35. Ne8+ Rxe8 36. Rxe8 Rc7) 35. Kf6 b5 36. Nf5 bxc4 37. Nxe7+ Kh7 38. Rxf8 {Accuracy: White = 71%, Black = 35%.} 1-0

[Event "5th EKA IIFL Investment 2019"]
[Site "Mumbai"]
[Date "2020.01.03"]
[Round "5.15"]
[White "Audi Ameya"]
[Black "Yakubboev, Nodirbek"]
[Result "0-1"]
[WhiteElo "2360"]
[BlackElo "2592"]
[Annotator "TA"]
[PlyCount "90"]
[EventDate "2019.12.30"]
[EventType "swiss"]
[EventCountry "IND"]
[SourceTitle "playchess.com"]
[Source "ChessBase"]
[SourceQuality "1"]

{[%evp 17,114,31,25,31,25,21,20,25,30,20,31,23,14,25,44,46,44,36,27,41,31,33,23,18,32,37,31,6,35,-27,-10,-71,-67,-152,-132,-219,-113,-112,0,-295,-286,-275,-258,-430,-394,-485,-478,-362,-383,-384,-383,-392,-391,-374,-390,-352,-353,-362,0,0,0,-329,-326,-770,-308,-414,-399,-353,-164,-710,-704,-839,-701,-29983,-29984,-29984,-29985,-29985,-29986,-29986,-29987,-29987,-29988,-29986,-29987,-29987,-29988,-29993,-29988,-29990,-29988,-29988,-29989,-29993,-29994,-29994,-29993,-29996,-29997]} 1. e4 c5 2. Nf3 d6 3. d4 cxd4 4. Nxd4 Nf6 5. Nc3 a6 6. Be3 e5 7. Nb3 Be6 8. f3 h5 9. Qd2 Nbd7 10. Nd5 {B90: Sicilian Najdorf: Unusual White 6th moves, 6 Be3 Ng4 and 6 Be3 e5} Bxd5 11. exd5 g6 12. Be2 {The position is equal.} (12. O-O-O Bg7 13. Kb1 Qc7 14. Be2 O-O 15. g4 Rfc8 16. Rc1 hxg4 17. fxg4 {1-0 (55) Dominguez Perez,L (2758)-Giri,A (2769) Moscow 2019}) 12... Bg7 13. O-O b6 14. a4 {[%cal Ba2a4,Ba4a5][%mdl 32]} O-O 15. h3 Nh7 16. a5 b5 17. c4 bxc4 18. Bxc4 {[#]} Qc7 $146 19. Rfc1 Qb7 20. Ra4 Rfb8 21. Rc2 Nhf6 22. Kh2 Kh7 23. g3 (23. Nc1 $14) 23... Ng8 $11 24. g4 (24. Qf2 $11 {keeps the balance.}) 24... hxg4 $17 25. hxg4 {[#]} ({White should try} 25. fxg4 $15 Ne7 26. Qg2) 25... e4 $1 {[%mdl 512]} 26. Kg3 {[#]} (26. Bf4 $17 Ne5 27. Bxe5 Bxe5+ 28. f4) (26. fxe4 Ne5) 26... Ne7 (26... Ne5 $1 $19 {[%cal Re5f3]} 27. Qh2+ Nh6) 27. Bd4 {Hoping for Qf4.} exf3 (27... Ne5 $17 28. Bxe5 Bxe5+ 29. f4 Bg7) 28. Kxf3 $2 {[%mdl 8192]} (28. Qg5 $11 {and White has nothing to worry.} Ne5 {[#]} 29. Nc5 $1 {[%mdl 512]}) 28... Ne5+ $19 ({Don't do} 28... Nxd5 29. Bxg7 N5f6+ 30. Bd5 $17) 29. Bxe5 Bxe5 30. Ra1 $2 (30. Qe1) 30... Kg7 {aiming for ...Rh8.} 31. Rh1 {White wants to play Qh6+.} Rh8 32. Rcc1 Rac8 33. Qd3 Qb4 {Strongly threatening ...Rxh1.} 34. Nd2 Qxb2 35. Rb1 Rxh1 36. Rxh1 {If White can now play Rb1 this consolidates a bit.} Qb4 37. Ke2 Bf4 {...Bxd2 is the strong threat.} 38. Qd4+ $1 Be5 39. Qd3 $1 Qxa5 40. Qh3 $2 (40. Nf3) 40... Kf8 (40... Nxd5 $142 {Threatens to win with ...Nf4+.} 41. Nb3 Nf4+ {[%mdl 64] Double Attack} 42. Kf1 Qc7 43. Qh7+ Kf8 44. Qxf7+ Qxf7 45. Bxf7 Kxf7 46. Rh7+ Kf6) 41. Qh6+ Bg7 42. Qf4 {intending Rf1.} Qc3 ({Stronger than} 42... Nxd5 43. Qxd6+ Ne7 44. Rf1 $11) (42... Re8 $142 43. Kf1 Rc8) 43. Qxd6 $2 (43. Rf1 Qe5+ 44. Qxe5 Bxe5 45. Kd3) 43... Be5 44. Qxa6 Bf4 45. d6 Qxd2+ 0-1

[Event "5th EKA IIFL Investment 2019"]
[Site "Mumbai"]
[Date "2020.01.03"]
[Round "5.16"]
[White "Puranik, Abhimanyu"]
[Black "Kaustuv, Kundu"]
[Result "1-0"]
[WhiteElo "2580"]
[BlackElo "2349"]
[Annotator "TA"]
[PlyCount "139"]
[EventDate "2019.12.30"]
[EventType "swiss"]
[EventCountry "IND"]
[SourceTitle "playchess.com"]
[Source "ChessBase"]
[SourceQuality "1"]

{[%evp 20,139,33,16,30,30,60,56,63,21,0,0,-4,-10,0,0,0,0,0,-71,0,0,29,19,29,26,26,35,42,0,95,0,0,0,3,35,20,0,0,0,0,0,0,0,0,0,0,0,0,0,0,0,0,0,2,0,0,0,16,0,31,25,41,32,38,43,54,52,102,0,19,20,24,26,31,36,37,21,100,85,87,84,90,39,199,179,252,252,252,252,252,252,252,234,231,140,150,123,179,223,209,156,281,280,408,404,337,305,485,432,484,467,419,404,465,456,12840,12838,12838,12838,12843,12843]} 1. e4 c5 2. Nf3 d6 3. d4 cxd4 4. Nxd4 Nf6 5. Nc3 g6 6. Be3 Bg7 7. f3 O-O 8. Qd2 Nc6 9. Bc4 Bd7 10. h4 h5 11. O-O-O Rb8 {B77: Sicilian Dragon: Yugoslav Attack, 9 Bc4 sidelines} (11... Ne5 12. Bb3 Rc8 13. Kb1 Nc4 14. Bxc4 Rxc4 15. g4 hxg4 16. h5 Nxh5 17. Rdg1 Qc8 18. Nd5 Re8 19. b3 Rc5 20. fxg4 Bxg4 21. Rh4 e6 22. Rhxg4 exd5 23. Nf5 Rxe4 24. Rxe4 Qxf5 {1-0 (61) Huschenbeth,N (2620)-Mista,A (2599) Katowice 2019}) 12. Bb3 Na5 13. Bh6 b5 {[%cal Bb7b5,Bb5b4][%mdl 32] White is slightly better.} 14. Kb1 e5 $1 {[%cal Re5d4]} 15. Bxg7 Kxg7 16. Nde2 Nxb3 17. axb3 $146 ({Predecessor:} 17. cxb3 b4 18. Nd5 Nxd5 19. Qxd5 {1-0 (44) Roger,M (2201)-Devallee,J (2054) Avoine 2011}) 17... b4 18. Na2 Qa5 19. Nec1 {[#]} (19. Qxd6 $11 Rfd8 20. Qe7) 19... Rb6 (19... d5 $1 $17 {[%mdl 512]} 20. exd5 Bf5) 20. Nd3 $11 {[%cal Rd3b4]} Rfb8 21. Naxb4 Rxb4 22. Nxb4 Rxb4 23. Qxd6 Be6 24. Rd3 Qb5 (24... Nd7 $11 {keeps the balance.}) 25. Qe7 (25. Rhd1 $16) 25... Rd4 26. Rhd1 Rxd3 27. Rxd3 Nd7 28. Qd6 Qa5 29. Rd1 Qb5 30. Rd3 Qa5 31. Rd1 Qb5 32. Qd2 a5 33. Qe3 Nc5 34. Qg5 Nd7 35. Rd3 a4 36. bxa4 $1 Qxa4 {And now ...Qa2+ would win.} 37. b3 Qb5 38. Qd2 Kh7 39. Rc3 Nc5 40. Qd6 Na4 {( -> ...Qf1+)} 41. Rd3 Bc4 $1 {[%cal Rc4d3]} 42. Re3 Be6 $1 {aiming for ...Qf1+.} 43. Kc1 $1 Nb6 44. Kd2 ({White should try} 44. Qc7 $16) 44... Nc8 45. Qc7 Qf1 46. Re2 Qh1 47. Qxe5 Qxh4 48. Kc1 Qe7 (48... Nb6 $1 $11) 49. Rd2 Nb6 50. Qd6 Qa7 {[%cal Ra7a1]} 51. Qd4 (51. Kb1 $1 $16) 51... Qa5 $2 {[#]} (51... Qc7 $14) 52. Qf6 $1 $18 Qa3+ {[#]} (52... Kh6 $142 53. g4 Nd7 54. g5+ Kh7 55. Rxd7 {[%mdl 64] Deflection, Decoy} Bxd7 56. Qxf7+ {[%mdl 64] Double Attack} Kh8) 53. Kd1 $1 {Intending Rd8 and mate.} Qf8 54. Rd8 $40 {[%mdl 128] White goes for the king.} Qg7 55. Qxg7+ Kxg7 56. Kd2 Kf6 57. Rd4 g5 58. c4 Ke5 (58... Nd7 $16 59. b4 Ke5) 59. Ke3 Nd7 60. Rd1 Nc5 (60... h4 $16 61. b4 Nb6) 61. b4 {[%cal Bb3b4,Bb4b5,Bb5b6,Bb6b7][%mdl 32]} Na6 (61... Na4 $142 62. Ra1 Nb2) 62. b5 Nc5 63. b6 h4 (63... Nb7 {might work better.} 64. c5 {[%mdl 64] Promotion} Nxc5) 64. Rd2 Nb7 {[#]} 65. c5 $1 {[%mdl 512]} Nxc5 {Black hopes to continue with ...Nb7.} 66. Rc2 Nd7 67. b7 {White is clearly winning.} f5 (67... Kd6 $142 68. Rc8 f6) 68. Rc7 Nb8 69. Rc8 Na6 70. Ra8 {Accuracy: White = 66%, Black = 51%.} 1-0

[Event "5th EKA IIFL Investment 2019"]
[Site "Mumbai"]
[Date "2020.01.03"]
[Round "5.17"]
[White "Chanda, Sandipan"]
[Black "Anuj Shrivatri"]
[Result "1-0"]
[WhiteElo "2545"]
[BlackElo "2348"]
[Annotator "TA"]
[PlyCount "63"]
[EventDate "2019.12.30"]
[EventType "swiss"]
[EventCountry "IND"]
[SourceTitle "playchess.com"]
[Source "ChessBase"]
[SourceQuality "1"]

{[%evp 13,63,27,52,14,20,13,25,24,42,36,37,37,34,36,45,42,41,28,40,35,71,60,65,67,66,59,96,101,97,108,103,76,83,91,87,33,61,56,102,91,107,112,108,93,79,93,93,42,129,115,1073,982]} 1. d4 Nf6 2. c4 g6 3. Nc3 Bg7 4. e4 d6 5. Be2 O-O 6. Bg5 c5 7. d5 e6 8. dxe6 {E75: King's Indian: Averbakh Variation: 6...c5 7 d5 e6} (8. Qd2 exd5 9. exd5 Qb6 10. Nf3 Bf5 11. Nh4 Ne4 12. Nxe4 Bxe4 13. f3 h6 14. Bxh6 Bxh6 15. Qxh6 Qxb2 16. O-O Bc2 17. Rac1 Nd7 18. Rf2 Ba4 19. Bd1 Qa3 20. Bxa4 Qxa4 21. f4 Nf6 22. Nf5 {1-0 (22) Kravtsiv,M (2657)-Amin,B (2672) Martuni 2017}) 8... Bxe6 9. Nf3 Qb6 10. b3 $146 {White has an edge.} ({Predecessor:} 10. Qd2 Nc6 11. Rd1 Qb4 12. b3 Nd4 13. Nxd4 cxd4 14. Nb1 Qc5 15. Bd3 Rfe8 {½-½ (34) Harazinska,M (2035)-Szelag,Z (1934) Pokrzywna 2018}) 10... Nc6 11. O-O Nd4 12. Rc1 Rfe8 13. Re1 Nd7 14. Be3 Nxf3+ 15. Bxf3 Ne5 16. Be2 Rad8 17. f4 Nc6 18. Bd3 Qa5 19. Bd2 Nb4 20. Bb1 Qa6 21. Qf3 Bd7 22. f5 b5 23. f6 Bf8 24. Nd5 ({White should try} 24. cxb5 $16 Bxb5 25. Nxb5 Qxb5 26. g3) 24... Nxd5 25. cxd5 b4 26. Bf4 Qb6 27. Qe3 Kh8 28. Bd3 a5 29. Rf1 a4 30. Kh1 (30. h4 $16) 30... Qa5 (30... Rc8 $14) 31. h4 h5 $2 {[%mdl 8192] [#]} (31... Bb5 $16) 32. Bxd6 $1 {[%mdl 512] Accuracy: White = 74%, Black = 33%.} 1-0

[Event "5th EKA IIFL Investment 2019"]
[Site "Mumbai"]
[Date "2020.01.03"]
[Round "5.18"]
[White "Krishna C R G"]
[Black "Bharat Kumar Reddy Poluri"]
[Result "1-0"]
[WhiteElo "2459"]
[BlackElo "2337"]
[Annotator "TA"]
[PlyCount "59"]
[EventDate "2019.12.30"]
[EventType "swiss"]
[EventCountry "IND"]
[SourceTitle "playchess.com"]
[Source "ChessBase"]
[SourceQuality "1"]

{[%evp 19,59,-6,-13,-13,-4,-15,-14,-6,-4,-12,6,3,8,8,10,6,9,22,25,21,22,23,24,13,100,94,182,196,256,254,208,147,145,77,318,200,419,410,512,373,475,328]} 1. d4 e6 2. c4 Nf6 3. Nf3 b6 4. e3 Bb7 5. Bd3 d5 6. O-O Bd6 7. Nc3 O-O 8. cxd5 exd5 9. b3 Nbd7 10. Bb2 a6 11. Ne2 {E14: Queen's Indian: Classical Variation (4 e3)} (11. Rc1 Qe7 12. Rc2 Ne4 13. Qc1 Rac8 14. Nb1 f5 15. Ba3 c5 16. g3 Qf7 17. Nc3 Nxc3 18. Rxc3 cxd4 19. Bxd6 Rxc3 {½-½ (50) Karjakin,S (2753)-Ganguly,S (2615) Kolkata 2018}) 11... Re8 12. Ng3 Ne4 13. Rc1 {The position is equal.} g6 14. Qc2 f6 {[#]} 15. Bxe4 $146 ({Predecessor:} 15. Rfe1 Qe7 16. Nd2 f5 17. Ndf1 Rac8 18. Qd1 Ba3 {½-½ (18) Malaniuk,V (2582)-Kunte,A (2528) Parramatta 2010}) 15... dxe4 16. Nd2 $1 {[%cal Rd2e4]} Qe7 17. Nc4 $1 Rac8 18. Ne2 Qf7 19. Nxd6 cxd6 20. Qd2 d5 21. Qb4 a5 {[#]} (21... Qf8 $11 {remains equal.} 22. Qa4 Qf7) 22. Qd6 $1 $16 Red8 (22... Ba6 $16 23. Rxc8 Rxc8) 23. Nf4 $18 g5 (23... Re8 $142 24. Rxc8 Rxc8) 24. Ne6 Re8 25. Nc7 Red8 26. Nb5 ({White should play} 26. h3) 26... Kg7 $2 {[#]} (26... Ba6 $16 {was worth a try.} 27. a4 h5) 27. a4 Qf8 $2 (27... Ba6 28. Na7 Ra8) 28. Qe6 Ba6 {Now ...Bxb5 and Black clings on.} 29. Ba3 Qe8 30. Be7 {Played: Nb5-c7} 1-0